Red-Album (Taylor's Version, Taylor Swift) - Statistics

General Stats
  • This quiz has been taken 1,059 times
  • The average score is 24 of 30
Answer Stats
# Title % Correct
2. Red
99%
5. All Too Well
98%
30. (From The Vault, 10 Minute Version) All Too Well
98%
8. We Are Never Ever Getting Back Together
96%
6. 22
95%
4. I Knew You Were Trouble
94%
1. State Of Grace
92%
20. (Acoustic Version) State Of Grace
92%
14. (Feat. Ed Sheeran) Everything Has Changed
86%
28. (From The Vault, Feat Ed Sheeran) Run
86%
3. Treacherous
83%
23. (From The Vault, Feat. Phoebe Bridgers) Nothing New
81%
21. Ronan
80%
10. (Feat. Gary Lightbody) The Last Time
79%
26. (From The Vault, Chris Stapleton) I Bet You Think About Me
75%
25. (From The Vault) Message In A Bottle
75%
11. Holy Ground
74%
9. Stay Stay Stay
74%
24. (From The Vault) Babe
73%
16. Begin Again
71%
18. Come Back... Be Here
71%
27. (From The Vault) Forever Winter
71%
22. (From The Vault Better Man
69%
29. (From The Vault) The Very First Night
66%
19. Girl At Home
65%
12. Sad Beautiful Tragic
65%
15. Starlight
64%
7. I Almost Do
63%
13. The Lucky One
63%
17. The Moment I Knew
63%
No matching quizzes found
Score Distribution
Percent of People with Each Score
Percentile by Number Answered
Your Score History
You have not taken this quiz